000 00529nam a22001577a 4500
999 _c535743
_d535743
020 _qHard Cover.
082 _a621.3
100 _aMuhammad Salman Mobin
245 _aAn Efficient Implementation of “KECCAK” SHA – 3 Candidate on FPGA /
_cMuhammad Salman Mobin.
260 _aIslamabad :
_bPNEC - NUST,
_c2012.
300 _a32 p. : ill. ;
_c30cm.
942 _2ddc
_cTHE
650 _aElectrical Engineering MS-Thesis.
_916073
700 _aDr. Arshad Aziz.
_929617